[Event "2020 Summer Classic"]
[Site "Chess.com"]
[Date "2020.08.15"]
[Round "2"]
[White "Ok_At_Chess"]
[Black "bigdonkeyhead"]
[Result "1-0"]
[WhiteElo "1633"]
[BlackElo "1441"]

1. e4 } 1... c6 } 2. d4 } 2... d5 } 3. Nc3 } 3... e6 } 4. Bf4 } 4... a6 } 5.
Nf3 } 5... c5 } 6. dxc5 } 6... Bxc5 } 7. exd5 } 7... exd5 } 8. Qxd5 } 8... Qb6
} 9. Ne4 } 9... Be7 } 10. Nd6+ } 10... Bxd6 } 11. Bxd6 } 11... Be6 } 12. Qe5 }
12... Nd7 } 13. Qxg7 } 13... Qxd6 } 14. Qxh8 } 14... O-O-O } 15. Rd1 } 15...
Qb4+ } 16. Qc3+ } 16... Qxc3+ } 17. bxc3 } 17... Ngf6 } 18. a3 } 18... Kb8 }
19. Nd4 } 19... Bg4 } 20. Be2 } 20... Bxe2 } 21. Nxe2 } 21... Rc8 } 22. O-O }
22... Ne5 } 23. Rfe1 } 23... Nc4 } 24. a4 } 24... Nb2 } 25. Rd4 } 25... Nc4 }
26. Rf4 } 26... Rc6 } 27. Nd4 } 27... Rb6 } 28. Nb3 } 28... Rc6 } 29. a5 }
29... Na3 } 30. Nd4 } 30... Rd6 } 31. Nf5 } 31... Rc6 } 32. Ne7 } 32... Rd6 }
33. g4 } 33... Nxc2 } 34. Re2 } 34... Na3 } 35. g5 } 35... Nh5 } 36. Rxf7 }
36... Nb5 } 37. Rxh7 } 37... Rd1+ } 38. Kg2 } 38... Nf4+ } 39. Kf3 } 39...
Nxe2 } 40. Kxe2 } 40... Rd8 } 41. g6 } 41... Nxc3+ } 42. Kf3 } 42... Rd3+ }
43. Kf4 } 43... Ne2+ } 44. Ke4 } 44... Rd6 } 45. g7 } 45... Nc3+ } 46. Ke5 }
46... Kc7 } 47. g8=Q } 47... Rd8 } 48. Nc6+ } 48... Kxc6 } 49. Qc4# } 1-0

[Event "2020 Summer Classic"]
[Site "Chess.com"]
[Date "2020.08.15"]
[Round "2"]
[White "KaKod0121"]
[Black "iballisticsquid123"]
[Result "0-1"]
[WhiteElo "1505"]
[BlackElo "1821"]

1. e4 } 1... c5 } 2. Nf3 } 2... g6 } 3. d4 } 3... cxd4 } 4. Nxd4 } 4... Nc6 }
5. c4 } 5... Bg7 } 6. Be3 } 6... Nf6 } 7. Nc3 } 7... O-O } 8. Be2 } 8... d6 }
9. O-O } 9... Bd7 } 10. Qd2 } 10... a5 } 11. Rac1 } 11... Nxd4 } 12. Bxd4 }
12... Bc6 } 13. f3 } 13... Nd7 } 14. Kh1 } 14... Bxd4 } 15. Qxd4 } 15... Qb6 }
16. Qd2 } 16... Rac8 } 17. b3 } 17... Nc5 } 18. Rb1 } 18... Rfd8 } 19. Qe3 }
19... Nd7 } 20. Qxb6 } 20... Nxb6 } 21. b4 } 21... axb4 } 22. Rxb4 } 22... Nd7
} 23. Nd5 } 23... Bxd5 } 24. cxd5 } 24... Rc2 } 25. Bc4 } 25... Nc5 } 26. h3 }
26... Ra8 } 27. Rfb1 } 27... Ra3 } 28. R1b2 } 28... Rc1+ } 29. Kh2 } 29... Kg7
} 30. Be2 } 30... Kf6 } 31. f4 } 31... Ra1 } 32. Bc4 } 32... Re1 } 33. e5+ }
33... dxe5 } 34. fxe5+ } 34... Kxe5 } 35. Rb5 } 35... b6 } 36. Rf2 } 36... Kd4
} 37. Rf4+ } 37... Re4 } 38. Rxe4+ } 38... Nxe4 } 39. Bb3 } 39... Nc3 } 40.
Rxb6 } 40... Ra7 } 41. d6 } 41... e5 } 42. Rb4+ } 42... Kd3 } 43. a4 } 43...
e4 } 44. Bc4+ } 44... Kd4 } 45. Bxf7+ } 45... Ke5 } 46. Rc4 } 46... Nxa4 } 47.
d7 } 47... Rxd7 } 48. Be8 } 48... Nb6 } 49. Rb4 } 49... Rd8 } 50. Bc6 } 50...
Nd5 } 51. Rb7 } 51... e3 } 52. Bxd5 } 52... Kxd5 } 53. Re7 } 53... Kd4 } 54.
Kg3 } 54... Rf8 } 55. Rd7+ } 55... Kc3 } 56. Re7 } 56... Kd2 } 57. Rd7+ }
57... Ke1 } 58. Rxh7 } 58... e2 } 59. Re7 } 59... Kf1 } 60. Kg4 } 60... e1=Q }
61. Rxe1+ } 61... Kxe1 } 62. Kg5 } 62... Rg8 } 63. Kf6 } 63... g5 } 64. g4 }
64... Kf2 } 65. Kf7 } 65... Ra8 } 66. Kg6 } 66... Ra5 } 67. Kh5 } 67... Kg3 }
68. h4 } 68... gxh4+ } 69. g5 } 69... h3 } {#R} 0-1

[Event "2020 Summer Classic"]
[Site "Chess.com"]
[Date "2020.08.15"]
[Round "2"]
[White "troitzky104"]
[Black "smachakos"]
[Result "0-1"]
[WhiteElo "1552"]
[BlackElo "1923"]

1. e4 } 1... e5 } 2. Nf3 } 2... Nf6 } 3. Nxe5 } 3... d6 } 4. Nf3 } 4... Nxe4 }
5. d4 } 5... d5 } 6. Bd3 } 6... Be7 } 7. c4 } 7... c6 } 8. O-O } 8... O-O } 9.
Re1 } 9... Bf5 } 10. Nc3 } 10... Nxc3 } 11. bxc3 } 11... Bxd3 } 12. Qxd3 }
12... dxc4 } 13. Qxc4 } 13... Nd7 } 14. Bf4 } 14... Nb6 } 15. Qb3 } 15... Bd6
} 16. Be3 } 16... Qc7 } 17. c4 } 17... c5 } 18. d5 } 18... h6 } 19. a4 } 19...
Rfe8 } 20. g3 } 20... Nd7 } 21. Rab1 } 21... b6 } 22. Bd2 } 22... Ne5 } 23.
Nxe5 } 23... Bxe5 } 24. Bc3 } 24... Rab8 } 25. Qb2 } 25... Bxc3 } 26. Qxc3 }
26... Qd7 } 27. Qc2 } 27... Qg4 } 28. Kg2 } 28... h5 } 29. h3 } 29... Qg5 }
30. Rbd1 } 30... h4 } 31. Re4 } 31... hxg3 } 32. fxg3 } 32... f5 } 33. Re6 }
33... Rxe6 } 34. dxe6 } 34... Qe3 } 35. Qxf5 } 35... Qe2+ } 36. Qf2 } 36...
Qxd1 } 37. Qf7+ } 37... Kh8 } 38. e7 } 38... Qe2+ } 39. Kg1 } 39... Rg8 } 40.
g4 } 40... Qe5 } 41. g5 } 41... Qxg5+ } 42. Kf1 } 42... Qf6+ } {#R} 0-1

[Event "2020 Summer Classic"]
[Site "Chess.com"]
[Date "2020.08.15"]
[Round "3"]
[White "daniel8pop"]
[Black "KaKod0121"]
[Result "0-1"]
[WhiteElo "1043"]
[BlackElo "1509"]

1. e4 } 1... e5 } 2. Nf3 } 2... Nc6 } 3. Bc4 } 3... Bc5 } 4. Nc3 } 4... Nf6 }
5. d3 } 5... h6 } 6. h3 } 6... O-O } 7. a3 } 7... a5 } 8. Qe2 } 8... d6 } 9.
Nd5 } 9... Nxd5 } 10. Bxd5 } 10... Ne7 } 11. Be3 } 11... Nxd5 } 12. Bxc5 }
12... Nf4 } 13. Qe3 } 13... Nxg2+ } 14. Ke2 } 14... Nxe3 } 15. Kxe3 } 15...
dxc5 } 16. Nxe5 } 16... Qd4+ } 17. Kf4 } 17... Qxe5+ } 18. Kxe5 } 18... Re8+ }
19. Kd5 } 19... b6 } 20. Kc4 } 20... Be6+ } 21. Kc3 } 21... Rad8 } 22. b4 }
22... axb4+ } 23. axb4 } 23... cxb4+ } 24. Kxb4 } 24... Ra8 } 25. Kb5 } 25...
Bd7+ } 26. Kc4 } 26... Bc6 } 27. Rhe1 } 27... Rxa1 } 28. Rxa1 } 28... Ra8 }
29. Rb1 } 29... Kf8 } 30. d4 } 30... Bxe4 } 31. Kb5 } 31... Bxc2 } 32. Rc1 }
32... Ba4+ } 33. Kb4 } 33... c6 } 34. Ra1 } 34... b5 } 35. Kc5 } 35... Rd8 }
36. Rc1 } 36... Rd5+ } 37. Kxc6 } 37... Rxd4 } 38. Kb7 } 38... Rc4 } 39. Re1 }
39... b4 } 40. Ra1 } 40... b3 } 41. Rb1 } 41... Rb4+ } 42. Ka6 } 42... b2 }
43. Ka5 } 43... Bc2 } 44. Kxb4 } 44... Bxb1 } 45. Kc3 } 45... Bf5 } 46. Kxb2 }
46... Bxh3 } 47. Kc3 } 47... Ke7 } 48. Kd4 } 48... Kf6 } 49. Ke3 } 49... Kg5 }
50. Kf3 } 50... Bg4+ } 51. Kg3 } 51... f5 } 52. f4+ } 52... Kf6 } 53. Kf2 }
53... g5 } 54. Ke3 } 54... gxf4+ } 55. Kxf4 } 55... h5 } 56. Kg3 } 56... Kg5 }
57. Kf2 } 57... h4 } 58. Kg2 } 58... h3+ } 59. Kh2 } 59... f4 } 60. Kg1 }
60... f3 } 61. Kh1 } 61... Kf4 } 62. Kg1 } 62... Kg3 } 63. Kh1 } 63... Bf5 }
64. Kg1 } 64... Bd3 } 65. Kh1 } 65... Bf1 } 66. Kg1 } 66... h2+ } 67. Kxf1 }
67... h1=R# } 0-1

[Event "2020 Summer Classic"]
[Site "Chess.com"]
[Date "2020.08.15"]
[Round "3"]
[White "AshtonHG"]
[Black "Jeffrey944"]
[Result "0-1"]
[WhiteElo "1262"]
[BlackElo "1529"]

1. e4 } 1... e5 } 2. Nf3 } 2... Nc6 } 3. Bb5 } 3... a6 } 4. Bxc6 } 4... dxc6 }
5. Nxe5 } 5... Qd4 } 6. Nf3 } 6... Qxe4+ } 7. Kf1 } 7... Bg4 } 8. d3 } 8...
Qf5 } 9. Qe1+ } 9... Be7 } 10. Bg5 } 10... Bxf3 } 11. Bxe7 } 11... Nxe7 } 12.
gxf3 } 12... Qxf3 } 13. Nd2 } 13... Qxh1+ } 14. Ke2 } 14... Qxe1+ } 15. Rxe1 }
15... O-O-O } 16. Rg1 } 16... Nf5 } 17. Rg5 } 17... Rhe8+ } 18. Ne4 } 18...
Nd4+ } 19. Ke3 } 19... f5 } 20. Kd2 } 20... Nf3+ } 21. Ke2 } 21... Nxg5 } 22.
Kf1 } 22... fxe4 } 23. dxe4 } {#R} 0-1

[Event "2020 Summer Classic"]
[Site "Chess.com"]
[Date "2020.08.15"]
[Round "3"]
[White "armour9291"]
[Black "chesslifeforme"]
[Result "1-0"]
[WhiteElo "1294"]
[BlackElo "1129"]

1. e4 } 1... d5 } 2. exd5 } 2... Qxd5 } 3. Nc3 } 3... Qe6+ } 4. Be2 } 4... Nc6
} 5. Nf3 } 5... Nf6 } 6. O-O } 6... g6 } 7. Re1 } 7... Bg7 } 8. Bb5 } 8... Qd6
} 9. d4 } 9... O-O } 10. d5 } 10... Nb4 } 11. Bg5 } 11... c6 } 12. dxc6 }
12... bxc6 } 13. Ba4 } 13... Bg4 } 14. Qxd6 } 14... exd6 } 15. a3 } 15... Nbd5
} 16. Bxf6 } 16... Bxf6 } 17. Bxc6 } 17... Rab8 } 18. Nxd5 } 18... Bxb2 } 19.
Rab1 } 19... Bxa3 } 20. Rxb8 } 20... Rxb8 } 21. h3 } 21... Bxf3 } 22. gxf3 }
22... a5 } 23. Re3 } 23... Bc5 } 24. Rd3 } 24... Rb1+ } 25. Kg2 } 25... h5 }
26. Nc3 } 26... Rb2 } 27. Na4 } 27... Rxc2 } 28. h4 } 28... Ba7 } 29. Rxd6 }
29... Rxf2+ } 30. Kh3 } 30... f5 } 31. Rxg6+ } 31... Kf7 } 32. Rh6 } 32... f4
} 33. Rh7+ } 33... Ke6 } 34. Rxa7 } 34... Kd6 } 35. Be8 } 35... Rxf3+ } 36.
Kg2 } 36... Rg3+ } 37. Kf2 } 37... Rh3 } 38. Bxh5 } 38... Rxh4 } 39. Bf3 }
39... Rh2+ } 40. Ke1 } 40... Ra2 } 41. Nc3 } 41... Ra3 } 42. Nb5+ } 42... Kc5
} 43. Nxa3 } 43... Kb4 } 44. Nc2+ } 44... Kc3 } 45. Kd1 } 45... a4 } 46. Rxa4
} 46... Kd3 } 47. Rxf4 } 47... Kc3 } 48. Bh1 } 48... Kd3 } 49. Rf3+ } 49...
Kc4 } 50. Kd2 } 50... Kd5 } 51. Rf4+ } 51... Ke5 } 52. Ra4 } 52... Kd6 } 53.
Kd3 } 53... Kc5 } 54. Rh4 } 54... Kd6 } 55. Rh5 } 55... Ke6 } 56. Kd4 } 56...
Kd6 } 57. Rh6+ } 57... Kd7 } 58. Kd5 } 58... Ke7 } 59. Ra6 } 59... Kd7 } 60.
Ra7+ } 60... Kd8 } 61. Kc6 } 61... Ke8 } 62. Kd6 } 62... Kf8 } 63. Ke6 } 63...
Kg8 } 64. Kf6 } 64... Kh8 } 65. Kg6 } 65... Kg8 } 66. Ra8# } 1-0

[Event "2020 Summer Classic"]
[Site "Chess.com"]
[Date "2020.08.15"]
[Round "3"]
[White "HandsomeTroll"]
[Black "bigdonkeyhead"]
[Result "1-0"]
[WhiteElo "1584"]
[BlackElo "1403"]

1. d4 } 1... d5 } 2. Bf4 } 2... Nc6 } 3. e3 } 3... e6 } 4. Nf3 } 4... a6 } 5.
c3 } 5... Nf6 } 6. Nbd2 } 6... Bd6 } 7. Bg3 } 7... Bxg3 } 8. hxg3 } 8... Bd7 }
9. Bd3 } 9... b5 } 10. a3 } 10... Ne4 } 11. Nxe4 } 11... dxe4 } 12. Bxe4 }
12... O-O } 13. Bxh7+ } 13... Kh8 } 14. Qd3 } 14... f5 } 15. Bxf5+ } 15... Kg8
} 16. Bh7+ } 16... Kh8 } 17. Qe4 } 17... Qf6 } 18. g4 } 18... Ne7 } 19. g5 }
19... Qf7 } 20. Qh4 } {#r} 1-0

[Event "2020 Summer Classic"]
[Site "Chess.com"]
[Date "2020.08.15"]
[Round "3"]
[White "smachakos"]
[Black "Ok_At_Chess"]
[Result "0-1"]
[WhiteElo "1879"]
[BlackElo "1649"]

1. e4 } 1... c5 } 2. Nf3 } 2... d6 } 3. d4 } 3... cxd4 } 4. Nxd4 } 4... Nf6 }
5. Nc3 } 5... g6 } 6. Be3 } 6... Bg7 } 7. f3 } 7... O-O } 8. Qd2 } 8... Nc6 }
9. O-O-O } 9... Ne5 } 10. g4 } 10... Bd7 } 11. h4 } 11... h5 } 12. gxh5 }
12... Nxh5 } 13. Be2 } 13... Rc8 } 14. f4 } 14... Nc4 } 15. Bxc4 } 15... Rxc4
} 16. f5 } 16... Qa5 } 17. fxg6 } 17... fxg6 } 18. Rhg1 } 18... Be8 } 19. Rg5
} 19... Rc5 } 20. Ne6 } 20... Bxc3 } 21. bxc3 } 21... Qxa2 } 22. Qg2 } 22...
Qa1+ } 23. Kd2 } 23... Qxc3+ } 24. Ke2 } 24... Bb5+ } 25. Rd3 } 25... Qxc2+ }
26. Bd2 } 26... Qxd3+ } 27. Ke1 } 27... Rf1+ } {#R} 0-1

[Event "2020 Summer Classic"]
[Site "Chess.com"]
[Date "2020.08.15"]
[Round "3"]
[White "honeybeee91"]
[Black "siegfried23"]
[Result "0-1"]
[WhiteElo "1180"]
[BlackElo "1583"]

1. e4 } 1... e5 } 2. Nf3 } 2... Nc6 } 3. Bc4 } 3... Nf6 } 4. Ng5 } 4... d5 }
5. exd5 } 5... Na5 } 6. Bb5+ } 6... c6 } 7. dxc6 } 7... bxc6 } 8. Ba4 } 8...
h6 } 9. Nf3 } 9... e4 } 10. Ne5 } 10... Qd4 } 11. Bxc6+ } 11... Nxc6 } 12.
Nxc6 } 12... Qc5 } 13. f3 } 13... Qxc6 } 14. Qe2 } 14... Be7 } 15. Nc3 } 15...
Bb7 } 16. b3 } 16... O-O } 17. Bb2 } 17... Rfe8 } 18. O-O-O } 18... exf3 } 19.
gxf3 } 19... Ba3 } 20. Qd3 } 20... Bxb2+ } 21. Kxb2 } 21... Rad8 } 22. Qf5 }
22... Qxf3 } 23. Qxf3 } 23... Bxf3 } {#R} 0-1

[Event "2020 Summer Classic"]
[Site "Chess.com"]
[Date "2020.08.15"]
[Round "3"]
[White "iballisticsquid123"]
[Black "PeterOlsoy"]
[Result "1-0"]
[WhiteElo "1831"]
[BlackElo "1847"]

1. e4 } 1... c5 } 2. Nf3 } 2... d6 } 3. d4 } 3... cxd4 } 4. Nxd4 } 4... Nf6 }
5. Nc3 } 5... a6 } 6. Bg5 } 6... e5 } 7. Nf3 } 7... Be7 } 8. Bc4 } 8... Be6 }
9. Bb3 } 9... Nbd7 } 10. O-O } 10... Nc5 } 11. Qe2 } 11... O-O } 12. Rfd1 }
12... Qc7 } 13. Nd5 } 13... Bxd5 } 14. Bxd5 } 14... Nxd5 } 15. Rxd5 } 15...
Ne6 } 16. Bxe7 } 16... Qxe7 } 17. g3 } 17... Rac8 } 18. Rad1 } 18... Rc6 } 19.
c3 } 19... Nc7 } 20. R5d3 } 20... Rc8 } 21. Nh4 } 21... g6 } 22. Qg4 } 22...
Ne8 } 23. Nf5 } 23... Qe6 } 24. Qg5 } 24... Kh8 } 25. Qe7 } 25... gxf5 } 26.
Qf8# } 1-0

[Event "2020 Summer Classic"]
[Site "Chess.com"]
[Date "2020.08.15"]
[Round "3"]
[White "WaSabi5829"]
[Black "troitzky104"]
[Result "1-0"]
[WhiteElo "1362"]
[BlackElo "1436"]

1. c4 } 1... c6 } 2. Nc3 } 2... d5 } 3. cxd5 } 3... cxd5 } 4. d4 } 4... Nf6 }
5. Bf4 } 5... a6 } 6. a4 } 6... Bf5 } 7. e3 } 7... Nc6 } 8. Bd3 } 8... Bxd3 }
9. Qxd3 } 9... e6 } 10. Nge2 } 10... Bb4 } 11. O-O } 11... Nh5 } 12. Bg3 }
12... Nxg3 } 13. Nxg3 } 13... O-O } 14. Nce2 } 14... Rc8 } 15. f4 } 15... Be7
} 16. f5 } 16... e5 } 17. dxe5 } 17... Nxe5 } 18. Qd4 } 18... Bf6 } 19. Qf4 }
19... Re8 } 20. Rab1 } 20... Bg5 } 21. Qd4 } 21... Rc4 } 22. Qd1 } 22... Qb6 }
23. Qxd5 } 23... Qxe3+ } 24. Kh1 } 24... Rc6 } 25. Qd4 } 25... Nc4 } 26. Qxe3
} 26... Bxe3 } 27. Rfd1 } 27... Nd2 } 28. Rbc1 } 28... Rec8 } 29. Rxc6 } 29...
bxc6 } 30. Nf1 } 30... Nxf1 } 31. Rxf1 } 31... Rd8 } 32. b3 } 32... Rd2 } 33.
Nc1 } 33... Rc2 } 34. Nd3 } 34... Rc3 } 35. Nb4 } 35... c5 } 36. Nd5 } 36...
Rxb3 } 37. Re1 } {#r} 1-0

[Event "2020 Summer Classic"]
[Site "Chess.com"]
[Date "2020.08.15"]
[Round "3"]
[White "little_pikachu_soya"]
[Black "caracleliem"]
[Result "1-0"]
[WhiteElo "1572"]
[BlackElo "1235"]

1. d4 } 1... d5 } 2. c4 } 2... c6 } 3. e3 } 3... Nf6 } 4. Nc3 } 4... e6 } 5.
Nf3 } 5... Bd6 } 6. Bd3 } 6... O-O } 7. c5 } 7... Bc7 } 8. Bd2 } 8... b6 } 9.
b4 } 9... Nbd7 } 10. O-O } 10... Bb7 } 11. Qe2 } 11... e5 } 12. dxe5 } 12...
Nxe5 } 13. Nxe5 } 13... Bxe5 } 14. cxb6 } 14... axb6 } 15. Bc2 } 15... c5 }
16. bxc5 } 16... bxc5 } 17. Rfd1 } 17... Qd6 } 18. h3 } 18... Qc6 } 19. f4 }
19... Bc7 } 20. Bf5 } 20... Ba6 } 21. Qf3 } 21... Bb7 } 22. Ne2 } 22... Qb6 }
23. Qf2 } 23... Ba6 } 24. Rab1 } 24... Qc6 } 25. Bc3 } 25... Rab8 } 26. Rdc1 }
26... Rxb1 } 27. Rxb1 } 27... Re8 } 28. Ng3 } 28... Bb6 } 29. Bd2 } 29... Bc8
} 30. Bxc8 } 30... Rxc8 } 31. Qe1 } 31... d4 } 32. exd4 } 32... cxd4 } 33. Kh2
} 33... Bc7 } 34. Nf5 } 34... Nd5 } 35. Nxd4 } 35... Qc4 } 36. Qf2 } 36... Bb6
} 37. Rc1 } 37... Qxc1 } 38. Bxc1 } 38... Rxc1 } 39. Qd2 } 39... Rc8 } 40. Nc6
} 40... Rxc6 } 41. Qxd5 } 41... Rc8 } 42. Qb7 } {#r} 1-0

[Event "2020 Summer Classic"]
[Site "Chess.com"]
[Date "2020.08.15"]
[Round "4"]
[White "daniel8pop"]
[Black "AshtonHG"]
[Result "1-0"]
[WhiteElo "1060"]
[BlackElo "1106"]

1. e4 } 1... e5 } 2. Nf3 } 2... Nf6 } 3. Nxe5 } 3... Nxe4 } 4. Qf3 } 4... Nf6
} 5. d4 } 5... d6 } 6. Nd3 } 6... Bg4 } 7. Qxb7 } 7... Nbd7 } 8. Bg5 } 8...
Qe7+ } 9. Be3 } 9... Rb8 } 10. Qxa7 } 10... Ne4 } 11. f3 } 11... Qh4+ } 12.
Bf2 } 12... Nxf2 } 13. Nxf2 } 13... Bf5 } 14. g3 } 14... Qe7+ } 15. Be2 }
15... Bxc2 } 16. O-O } 16... Rxb2 } 17. Nc3 } 17... Nb6 } 18. Bb5+ } 18... Kd8
} 19. Nd5 } 19... Nxd5 } 20. Qb8# } 1-0

[Event "2020 Summer Classic"]
[Site "Chess.com"]
[Date "2020.08.15"]
[Round "4"]
[White "caracleliem"]
[Black "armour9291"]
[Result "1-0"]
[WhiteElo "1244"]
[BlackElo "1279"]

1. e4 } 1... e5 } 2. Nf3 } 2... Nc6 } 3. Bb5 } 3... d6 } 4. O-O } 4... Bd7 }
5. Nc3 } 5... a6 } 6. Ba4 } 6... Nf6 } 7. Re1 } 7... Be7 } 8. h3 } 8... O-O }
9. d4 } 9... b5 } 10. Bb3 } 10... Na5 } 11. Be3 } 11... Nxb3 } 12. axb3 }
12... b4 } 13. Na4 } 13... Nxe4 } 14. dxe5 } 14... dxe5 } 15. Nxe5 } 15... Bf6
} 16. Nxd7 } 16... Nd6 } 17. Nxf6+ } 17... Qxf6 } 18. Bd4 } 18... Qd8 } 19.
Qg4 } 19... f6 } 20. Be3 } 20... Nf7 } 21. Nc5 } 21... Qc8 } 22. Ne6 } 22...
Ng5 } 23. Nxg5 } 23... fxg5 } 24. Qxc8 } 24... Raxc8 } 25. Bxg5 } 25... c6 }
26. Be7 } 26... Rf7 } 27. Bxb4 } 27... c5 } 28. Bc3 } 28... Ra8 } 29. Re5 }
29... Rc7 } 30. Rae1 } 30... h6 } 31. Re7 } 31... Rxe7 } 32. Rxe7 } 32... Kf8
} 33. Rxg7 } 33... Re8 } 34. Rg6 } 34... Re2 } 35. Rxh6 } 35... Rxc2 } 36.
Rxa6 } 36... Kf7 } 37. Kf1 } 37... Ke7 } 38. Ke1 } 38... Kf7 } 39. Rc6 } 39...
Kg8 } 40. Rxc5 } 40... Kf7 } 41. Bd4 } {#r} 1-0

[Event "2020 Summer Classic"]
[Site "Chess.com"]
[Date "2020.08.15"]
[Round "4"]
[White "PeterOlsoy"]
[Black "WaSabi5829"]
[Result "1-0"]
[WhiteElo "1855"]
[BlackElo "1357"]

1. e4 } 1... e6 } 2. d4 } 2... d5 } 3. Nc3 } 3... Bb4 } 4. e5 } 4... c5 } 5.
a3 } 5... Bxc3+ } 6. bxc3 } 6... Nc6 } 7. Qg4 } 7... g6 } 8. Nf3 } 8... f6 }
9. Bf4 } 9... g5 } 10. Qh5+ } 10... Kf8 } 11. Be3 } 11... cxd4 } 12. cxd4 }
12... Qb6 } 13. exf6 } 13... Qb2 } 14. Rc1 } 14... Nxf6 } 15. Qh6+ } 15... Ke7
} 16. Qg7+ } 16... Kd6 } 17. Qxh8 } 17... Ng4 } 18. Bxg5 } 18... Qc3+ } 19.
Bd2 } 19... Qb2 } 20. Qf8+ } 20... Kc7 } 21. Qf4+ } 21... Kb6 } 22. Bd3 }
22... e5 } 23. dxe5 } 23... Be6 } 24. O-O } 24... Qxa3 } 25. Ra1 } 25... Qe7 }
26. Rfb1+ } 26... Kc7 } 27. Qg5 } 27... Qd7 } 28. Bb5 } 28... Rg8 } 29. Qf4 }
29... Qg7 } 30. Bxc6 } 30... Kxc6 } 31. Qa4+ } 31... Kc7 } 32. Qa5+ } 32...
Kc6 } 33. Qb5+ } 33... Kc7 } 34. Qxb7+ } 34... Kd8 } 35. Qb8+ } 35... Ke7 }
36. Rxa7+ } 36... Bd7 } 37. Qd6+ } 37... Kf7 } 38. Rxd7+ } 38... Ke8 } 39.
Rb8# } 1-0

[Event "2020 Summer Classic"]
[Site "Chess.com"]
[Date "2020.08.15"]
[Round "4"]
[White "KaKod0121"]
[Black "HandsomeTroll"]
[Result "1/2-1/2"]
[WhiteElo "1514"]
[BlackElo "1574"]

1. e4 } 1... c6 } 2. d4 } 2... d5 } 3. e5 } 3... Bf5 } 4. h4 } 4... h5 } 5. c4
} 5... e6 } 6. Nc3 } 6... Nd7 } 7. Be3 } 7... Bb4 } 8. Ne2 } 8... Qb6 } 9. a3
} 9... Bxc3+ } 10. bxc3 } 10... Rc8 } 11. Ng3 } 11... Bg6 } 12. c5 } 12... Qb2
} 13. Qc1 } 13... Qxc1+ } 14. Rxc1 } 14... Ne7 } 15. Kd2 } 15... Nf5 } 16.
Nxf5 } 16... Bxf5 } 17. Bd3 } 17... Bxd3 } 18. Kxd3 } 18... Ke7 } 19. Rb1 }
19... b6 } 20. cxb6 } 20... axb6 } 21. Rb3 } 21... c5 } 22. Kd2 } 22... f6 }
23. exf6+ } 23... gxf6 } 24. dxc5 } 24... bxc5 } 25. Rb5 } 25... c4 } 26. a4 }
26... Rc6 } 27. a5 } 27... Ra8 } 28. Ra1 } 28... Rca6 } 29. g3 } 29... Kd6 }
30. f3 } 30... Kc6 } 31. Rb2 } 31... Rxa5 } 32. Rab1 } 32... Ra2 } 33. g4 }
33... hxg4 } 34. fxg4 } 34... Ne5 } 35. g5 } 35... Nf3+ } 36. Ke2 } 36... Nxh4
} 37. gxf6 } 37... Rxb2+ } 38. Rxb2 } 38... Rf8 } 39. Rb6+ } 39... Kd7 } 40.
Bd4 } 40... Nf5 } 41. Be5 } 41... Nh6 } 42. Rd6+ } 42... Ke8 } 43. Rxe6+ }
43... Kf7 } 44. Re7+ } 44... Kg6 } 45. Rg7+ } 45... Kf5 } 46. Bd4 } 46... Ng4
} 47. Rd7 } 47... Nxf6 } 48. Bxf6 } 48... Kxf6 } 49. Rxd5 } 49... Re8+ } 50.
Kf3 } 50... Rc8 } 51. Ke4 } 51... Ke6 } 52. Kd4 } 52... Ke7 } 53. Rb5 } 53...
Kd6 } 54. Rb6+ } 54... Kc7 } 55. Kc5 } 55... Kd7+ } 56. Kd5 } 56... Rc7 } 57.
Rh6 } 57... Kc8 } 58. Kd6 } 58... Kb7 } 59. Rh5 } 59... Rc6+ } 60. Kd5 } 60...
Rc7 } 61. Rh6 } 61... Kc8 } 62. Rb6 } 62... Kd7 } 63. Rb8 } 63... Rc6 } 64.
Rf8 } 64... Kc7 } 65. Rf7+ } 65... Kb6 } 66. Ra7 } 66... Rc5+ } 67. Kd4 }
67... Kxa7 } 68. Kxc5 } 68... Kb7 } 69. Kxc4 } 69... Kc6 } {#d} 1/2-1/2